|
|
|
|
| LEADER |
01455nam a2200397Ia 4500 |
| 001 |
EBC171029 |
| 003 |
MiAaPQ |
| 005 |
20200520144314.0 |
| 006 |
m o d | |
| 007 |
cr cn||||||||| |
| 008 |
010321r20032001enk sb 001 0 eng d |
| 010 |
|
|
|z 2001019674
|
| 020 |
|
|
|z 0415260213 (alk. paper)
|
| 020 |
|
|
|z 0203167333 (e-book)
|
| 035 |
|
|
|a (MiAaPQ)EBC171029
|
| 035 |
|
|
|a (Au-PeEL)EBL171029
|
| 035 |
|
|
|a (CaPaEBR)ebr10071261
|
| 035 |
|
|
|a (CaONFJC)MIL18026
|
| 035 |
|
|
|a (OCoLC)70733846
|
| 040 |
|
|
|a MiAaPQ
|c MiAaPQ
|d MiAaPQ
|
| 050 |
|
4 |
|a HF5635
|b .G65 2003
|
| 082 |
0 |
4 |
|a 657
|2 21
|
| 100 |
1 |
|
|a Goldberg, Louis,
|d 1908-1997.
|
| 245 |
1 |
2 |
|a A journey into accounting thought
|h [electronic resource] /
|c Louis Goldberg ; edited by Stewart A. Leech.
|
| 260 |
|
|
|a London ;
|a New York :
|b Routledge,
|c 2003.
|
| 300 |
|
|
|a vii, 340 p.
|
| 490 |
1 |
|
|a Routledge studies in accounting ;
|v 1
|
| 504 |
|
|
|a Includes bibliographical references and index.
|
| 533 |
|
|
|a Electronic reproduction. Ann Arbor, MI : ProQuest, 2015. Available via World Wide Web. Access may be limited to ProQuest affiliated libraries.
|
| 650 |
|
0 |
|a Accounting.
|
| 650 |
|
0 |
|a Accounting
|x Social aspects.
|
| 655 |
|
4 |
|a Electronic books.
|
| 700 |
1 |
|
|a Leech, S. A.
|q (Stewart A.),
|d 1946-
|
| 710 |
2 |
|
|a ProQuest (Firm)
|
| 830 |
|
0 |
|a Routledge studies in accounting ;
|v 1.
|
| 856 |
4 |
0 |
|u https://ebookcentral.proquest.com/lib/matrademy/detail.action?docID=171029
|z Click to View
|